Speak your truth (Record no. 221932)
[ view plain ]
| 000 -LEADER | |
|---|---|
| fixed length control field | 00971nam a22002057a 4500 |
| 005 - DATE AND TIME OF LATEST TRANSACTION | |
| control field | 20220323113416.0 |
| 008 - FIXED-LENGTH DATA ELEMENTS--GENERAL INFORMATION | |
| fixed length control field | 220317b ||||| |||| 00| 0 eng d |
| 020 ## - INTERNATIONAL STANDARD BOOK NUMBER | |
| International Standard Book Number | 9781409183181 |
| 040 ## - CATALOGING SOURCE | |
| Transcribing agency | AL |
| 041 ## - LANGUAGE CODE | |
| Language code of text/sound track or separate title | eng |
| 082 ## - DEWEY DECIMAL CLASSIFICATION NUMBER | |
| Edition number | 23 |
| Classification number | 158.1 |
| Item number | COTS |
| 100 ## - MAIN ENTRY--PERSONAL NAME | |
| Personal name | Fearne Cotton |
| 9 (RLIN) | 24006 |
| 245 ## - TITLE STATEMENT | |
| Title | Speak your truth |
| Remainder of title | Connecting with your inner truth and learning to find your voice |
| 260 ## - PUBLICATION, DISTRIBUTION, ETC. | |
| Place of publication, distribution, etc. | London |
| Name of publisher, distributor, etc. | Orion Spring |
| Date of publication, distribution, etc. | 2021 |
| 300 ## - PHYSICAL DESCRIPTION | |
| Extent | 246p. |
| Other physical details | PB |
| Dimensions | 20x13cm. |
| 365 ## - TRADE PRICE | |
| Source of price type code | General |
| Price type code | 6320 |
| Price amount | ₹545.22 |
| Currency code | ₹ |
| Unit of pricing | ₹699.00 |
| Price note | 22% |
| Price effective from | 08/03/2022 |
| 520 ## - SUMMARY, ETC. | |
| Summary, etc. | 'During a time where misinformation is spreading faster than ever and people are finding it hard to keep it real, Fearne shows us the power of living in our truth. She has a magical way of making us feel understood through her compelling storytelling, while showing us a path to a more authentic life.' Vex King, author of Good Vibes, Good Life. |
| 650 ## - SUBJECT ADDED ENTRY--TOPICAL TERM | |
| Source of heading or term | Applied psychology |
| Topical term or geographic name entry element | Psychology |
| 9 (RLIN) | 25264 |
| 942 ## - ADDED ENTRY ELEMENTS (KOHA) | |
| Source of classification or shelving scheme | Dewey Decimal Classification |
| Koha item type | Book |
| Withdrawn status | Lost status | Source of classification or shelving scheme | Damaged status | Not for loan | Collection code | Home library | Current library | Date acquired | Source of acquisition | Cost, normal purchase price | Total Checkouts | Full call number | Barcode | Date last seen | Date last checked out | Cost, replacement price | Price effective from | Koha item type |
|---|---|---|---|---|---|---|---|---|---|---|---|---|---|---|---|---|---|---|
| Dewey Decimal Classification | MA English | St Aloysius PG Library | St Aloysius PG Library | 03/11/2022 | Biblios Book Point | 545.22 | 2 | 158.1 COTS | PG023812 | 01/13/2024 | 01/03/2024 | 699.00 | 08/03/2022 | Book |